| 000 | 01564nam a2200349 c 4500 | ||
|---|---|---|---|
| 003 | BLK | ||
| 005 | 20220401113144.0 | ||
| 008 | 180407b bul|||||r ||||||| ||bul|| | ||
| 010 | _aKNG00033462000 | ||
| 020 |
_a954-17-0196-5 _bиздат.: Калпазанов |
||
| 040 | _aBLK | ||
| 041 |
_aBUL _cBUL |
||
| 080 |
_aАнглийска литература _b821.111 _x-31 _z821.111-31 |
||
| 100 | 1 |
_aАдлър, Елизабет _eпърви автор _9364396 |
|
| 700 | 1 |
_aПискова, Ангелина _eпрев. от англ. _9241665 |
|
| 700 | 1 |
_aКуцарова, Магдалена Николаевна _eпрев. от англ. _9364094 |
|
| 139 |
_aАдлър, Елизабет _bА 31 |
||
| 245 | 1 | 0 |
_aСъдбата е жена _bРоман _cЕлизабет Адлър; прев. от англ. Ангелина Пискова; прев. от англ. Магдалена Николаевна Куцарова. |
| 250 | _a2. изд. | ||
| 257 | _aGBR | ||
| 260 |
_аСофия _bКалпазанов _c2000 _fСофия : Инвестпрес |
||
| 300 |
_a480 с. _c20 см |
||
| 380 | _aX | ||
| 490 | 1 | _aКолекция Елизабет Адлър | |
| 500 | _aОриг. загл. Fortune Is a Women / Elizabeth Adler. - 1. изд. 1995 на изд. Прозорец в Поредица Блясък. - Офс. изд. | ||
| 653 | _aромани | ||
| 852 | _aЦб 205662 | ||
| 856 | 4 |
_qpdf _u |
|
| 856 | 4 |
_qpdf _u |
|
| 942 |
_cKNG _n0 _059 |
||
| 944 |
_aCR _c15.01.2003 _lф / _kЛюдмила_Стоянова |
||
| 944 |
_aED _c19.04.2017 _lф / _kВиолета_Тройчева |
||
| 999 |
_c30824 _d30824 |
||